000 00512 a2200181 4500
005 20250528160352.0
008 250528b |||||||| |||| 00| 0 eng d
020 _a9788170332718
_cRs. 275.00
040 _aMAIN
082 _a910.0182
_bZ S
100 _aZamir, Alvi
245 _aStatistical geography: Methods and applications
260 _bRawat Publications
_c2023
_aA88S
300 _axiv, 194
650 _aGeography - Statistical Methods
650 _aGeographic Information Systems
942 _cBK
999 _c361292
_d361292